| 000 | 00428nam a2200133Ia 4500 | ||
|---|---|---|---|
| 008 | 211109s9999||||xx |||||||||||||| ||und|| | ||
| 082 |
_a894.8123 _bPAD-P |
||
| 100 | _aPadmanabhan, T | ||
| 245 | 0 | _aPrakaasam Parathunna Oru Penkutty | |
| 260 |
_bCurrent Books Kottayam _aNo 055 _c1997 |
||
| 630 | _xGeneral stack | ||
| 650 |
_aMalayalam literature _vMalayalam novel _xmalayalam fictionLiterature & rhetoricGeneralia |
||
| 942 | _cBOOK | ||
| 999 |
_c49121 _d49121 |
||